LEADER 00973cam0-22003131i-450 001 990000715990403321 005 20180727092859.0 035 $a000071599 100 $a20020821d1975----km-y0itay50------ba 101 0 $aita 102 $aIT 105 $ay-------001yy 200 1 $a<>libro dell'arte o Trattato della pittura$fdi Cennino Cennini$ga cura di Fernando Tempesti 210 $aMilano$cLonganesi$d1975 215 $a223 p.$d20 cm 225 1 $aClassici della societą italiana$v6 610 0 $aCennini, Cennino <1370-1427>. Il libro dell'arte 676 $a751.4$v22$zita 700 1$aCennini,$bCennino$036249 702 1$aTempesti,$bFernando$f<1930-2001> 801 0$aIT$bUNINA$gRICA$2UNIMARC 901 $aBK 912 $a990000715990403321 952 $a751.4 CEN 1$bST. ARTE 13226$fFLFBC 952 $aART.FI A 2$b10011$fFARBC 959 $aFARBC 959 $aFLFBC 996 $aLibro dell'arte o trattato della pittura$9306130 997 $aUNINA LEADER 00955nam a2200265 i 4500 001 991000002139707536 005 20020503105402.0 008 010618s1996 it ||| | ita 020 $a8815056459 035 $ab10002303-39ule_inst 035 $aLE01988322$9ExL 040 $aDip.to Beni Arti e Storia$bita 082 0 $a307.116 100 1 $aCamagni, Roberto$032435 245 10$aEconomia e pianificazione della cittą sostenibile /$ca cura di Roberto Camagni 260 $aBologna :$bIl mulino,$c1996 300 $a350 p. ;$c21 cm. 650 4$aCittą - Sviluppo$xStudi 650 4$aUrbanesimo$xStudi 907 $a.b10002303$b02-04-14$c29-05-02 912 $a991000002139707536 945 $aLE019 A10 GEO E 31$g1$i2019000002424$lle019$o-$pE0.00$q-$rl$s- $t0$u0$v0$w0$x0$y.i10003150$z29-05-02 996 $aEconomia e pianificazione della cittą sostenibile$9176595 997 $aUNISALENTO 998 $ale019$b01-01-01$cm$da $e-$fita$git $h0$i1